Monografický zborník vedeckých prác recenzovaný monografický zborník vedeckých prác, ktoré sú výstupom projektu VEGA 1/0431/22
Saved in:
| Corporate Author: | |
|---|---|
| Other Authors: | , , |
| Format: | Book |
| Language: | Slovak English |
| Published: |
Bratislava
Vydavateľstvo EKONÓM
2024
|
| Edition: | 1. vydanie |
| Subjects: | |
| Tags: |
No Tags, Be the first to tag this record!
|
MARC
| LEADER | 00000nam a2200000 4500 | ||
|---|---|---|---|
| 001 | 0305572 | ||
| 005 | 20241211093555.3 | ||
| 020 | |a 978-80-225-5175-5 | ||
| 041 | 0 | |a slo | |
| 041 | 0 | |a eng | |
| 044 | |a SK | ||
| 245 | 1 | 0 | |a Monografický zborník vedeckých prác |b recenzovaný monografický zborník vedeckých prác, ktoré sú výstupom projektu VEGA 1/0431/22 |c zostavovateľské a redakčné práce: Jitka Meluchová ; recenzenti: Katarína Belanová, Andrej Ralbovský |
| 250 | |a 1. vydanie | ||
| 264 | 1 | |a Bratislava |b Vydavateľstvo EKONÓM |c 2024 | |
| 300 | |a 66 s. [4,6 AH] | ||
| 610 | 2 | 0 | |a implementácia |
| 610 | 2 | 0 | |a inovácia |
| 610 | 2 | 0 | |a modelovanie |
| 610 | 2 | 0 | |a riziko poistné |
| 610 | 2 | 0 | |a poisťovne |
| 610 | 2 | 0 | |a regulácia |
| 610 | 2 | 0 | |a smernice |
| 610 | 2 | 0 | |a trh finančný |
| 700 | 1 | |a Meluchová, Jitka, 1965- | |
| 700 | 1 | |a Belanová, Katarína, 1978- | |
| 700 | 1 | |a Ralbovský, Andrej, 1991- | |
| 710 | 2 | |a Fakulta hospodárskej informatiky EU. Katedra matematiky a aktuárstva | |